000 00664nam a22001817a 4500
003 CEME
005 20210628203617.0
008 210316b xxu||||| |||| 00| 0 eng d
020 _a3-540-53399-0
040 _c.
082 _a670.427 CAD'D
100 _aVerma, Alok K , Sneckenberger, John E , Dwivedi, Suren N
_966533
245 _aCad/cam robotics and factories of the future 90 , concurrent engineering
260 _aBERLIN
_bSPRINGER VERLAG
_c1991
300 _aXXXVI, 584P VOL-1
650 _aCAD/CAM SYSTEM CONGRESSES FLEXIBLE MANUFACTURING SYSTEMS CONGRESSES ROBOTICS CONGRESSES MANUFACTURING PROCESSES AUTOMATION CONGRESSES
_966534
942 _cBK
_2ddc
999 _c574495
_d574495